[Event "Lone Pine"]
[Site "Lone Pine"]
[Date "1977.??.??"]
[Round "4"]
[White "Day, Lawrence A"]
[Black "Regan, Kenneth"]
[Result "1/2-1/2"]
[WhiteElo "2355"]
[BlackElo "2375"]

1.d4 Nf6 2.c4 e6 3.g3 c5 4.d5 b5 5.dxe6 fxe6 6.Bg2 d5 7.cxb5 Bd6 8.Nf3 O-O
9.O-O Bb7 10.Nbd2 h6 11.Qc2 Qe8 12.e4 dxe4 13.Nh4 Qxb5 14.Nxe4 Nxe4 15.Bxe4 Nc6
16.a4 Qb6 17.a5 Qb5 18.Bh7+ Kh8 19.Bd3 Nd4 20.Bxb5 Nxc2 21.Ng6+ Kg8 22.Nxf8 Rxf8
23.Be3 Nxa1 24.Rxa1 Be5 25.Bxc5 Bxb2 26.Bxf8 Bxa1 27.Bb4 Bd4 28.Kf1 Kf7 29.Ke2 Kf6  1/2-1/2

[Event "Lone Pine"]
[Site "Lone Pine"]
[Date "1977.??.??"]
[Round "5"]
[White "Day, Lawrence A"]
[Black "Szabo, Laszlo"]
[Result "1/2-1/2"]
[WhiteElo "2355"]
[BlackElo "2530"]

1.d4 Nf6 2.c4 e6 3.g3 c5 4.d5 exd5 5.cxd5 d6 6.Nc3 g6 7.Bg2 Bg7 8.Nf3 O-O
9.O-O Na6 10.h3 Nc7 11.a4 b6 12.Re1 Rb8 13.e4 Bb7 14.Rb1 Re8 15.Bf4 Nh5 16.Bg5 Qd7
17.g4 Nf6 18.Nd2 h6 19.Bf4 Ba6 20.Qf3 Nh7 21.Bf1 Bxf1 22.Rxf1 b5 23.axb5 Nxb5
24.Nxb5 Rxb5 25.Nc4 Ng5 26.Bxg5 hxg5 27.Rfe1 Rb4 28.b3 Bd4 29.Kg2 Kg7 30.Rbd1 Be5
31.Rd3 Qb5 32.Rh1 Rxc4  1/2-1/2

[Event "Rome"]
[Site "Rome"]
[Date "1977.??.??"]
[Round "?"]
[White "Tatai, Stefano"]
[Black "Ostojic, Predrag"]
[Result "0-1"]
[WhiteElo "2455"]
[BlackElo "2480"]

1.d4 Nf6 2.c4 e6 3.g3 c5 4.Nf3 cxd4 5.Nxd4 Nc6 6.Bg2 Bb4+ 7.Nc3 Qb6 8.Nb3 Qa6
9.Nd2 Bxc3 10.bxc3 O-O 11.O-O d5 12.Qb3 Na5 13.Qa3 b6 14.cxd5 exd5 15.c4 Nxc4
16.Nxc4 Qxc4 17.Bb2 Ne4 18.Qe3 Be6 19.f3 Nf6 20.f4 Rfe8 21.Bxf6 gxf6 22.Rfc1 Qa4
23.Qd3 Rad8 24.f5 Bc8 25.Bxd5 Ba6 26.Qd2 Qd7 27.e4 Rxe4 28.Rd1 Qe7 29.Qc3 Re3
30.Qd4 h5 31.Rac1 Kg7 32.Qa4  0-1

[Event "SWE-ch"]
[Site "?"]
[Date "1977.??.??"]
[Round "?"]
[White "Ostberg, Peter"]
[Black "Rorvall, Goran"]
[Result "0-1"]
[WhiteElo "2200"]
[BlackElo "2410"]

1.d4 Nf6 2.c4 e6 3.g3 c5 4.Nf3 d5 5.cxd5 exd5 6.Bg2 Be7 7.O-O O-O 8.Nc3 Nc6
9.Bf4 Be6 10.dxc5 Bxc5 11.Rc1 Bb6 12.Nb5 Qd7 13.Nbd4 Nxd4 14.Nxd4 Bh3 15.Qd3 Bxg2
16.Kxg2 Rfe8 17.Nf3 Re6 18.Rc2 Rae8 19.Rfc1 Ne4 20.e3 h6 21.h4 Rf6 22.h5 Qg4
23.Rh1 Qe6 24.b4 Rf5 25.a4 a6 26.a5 Ba7 27.Rc7 Rxf4 28.exf4 Nxf2 29.Qc2 Nxh1
30.Rxb7 Rc8 31.Qd2  0-1

[Event "Buenos Aires ol (Men)"]
[Site "Buenos Aires"]
[Date "1978.??.??"]
[Round "?"]
[White "Bleiman, Yaacov"]
[Black "Suba, Mihai"]
[Result "1/2-1/2"]
[WhiteElo "2440"]
[BlackElo "2430"]

1.d4 Nf6 2.c4 e6 3.g3 c5 4.d5 exd5 5.cxd5 d6 6.Nc3 g6 7.Bg2 Bg7 8.Nf3 O-O
9.O-O Na6 10.Nd2 Nc7 11.Nc4 Nfe8 12.a4 b6 13.Bf4 Ba6 14.Qb3 Bxc4 15.Qxc4 a6
16.h4 Rb8 17.Qd3 b5 18.axb5 axb5 19.Qd2 Nf6 20.Ne4 Nxe4 21.Bxe4 Re8 22.Bf3 b4
23.h5 Nb5 24.Ra6 Qf6 25.b3 Ra8 26.Rc6 Bf8 27.Be3 Qf5 28.Kg2 Ra3 29.hxg6 hxg6
30.g4 Qe5 31.Rb6 Nc3 32.Bf4 Qf6 33.Bg5 Qe5 34.Bf4 Ne4 35.Qe3 Qxd5 36.Rb1 Qe6
37.Qxe4 Qxe4 38.Bxe4 Rxe4 39.e3 d5 40.Rb8 Kg7 41.f3 Re6 42.Rd8 c4 43.Rxd5 c3
44.e4 Re8 45.Kg3 Kg8 46.Rd4 Ra2 47.Rbd1 Rb2 48.Rd8 c2 49.R1d7 Rxd8 50.Rxd8 Rxb3
51.Rc8 Rc3 52.Rxc3 bxc3 53.Bc1 g5 54.e5 Kh7 55.Kf2 Bg7 56.Ke2 Kg6 57.Kd3 Bxe5
58.Kxc2 f6 59.Ba3 Kf7 60.Bb4 Ke6 61.Bxc3 Bxc3 62.Kxc3 Ke5 63.Kd3 Kf4 64.Ke2 Kg3
65.Ke3 Kh3 66.Ke2 Kg2 67.Ke3 Kf1 68.f4 Kg2 69.fxg5 fxg5 70.Ke2 Kg3 71.Kf1 Kh4
72.Kg1 Kxg4 73.Kg2  1/2-1/2

[Event "Buenos Aires ol (Men)"]
[Site "Buenos Aires"]
[Date "1978.??.??"]
[Round "?"]
[White "Birnboim, Nathan"]
[Black "Vilela, Jose Luis"]
[Result "1-0"]
[WhiteElo "2465"]
[BlackElo "2435"]

1.d4 Nf6 2.c4 e6 3.g3 c5 4.d5 exd5 5.cxd5 d6 6.Nc3 g6 7.Bg2 Bg7 8.Nf3 O-O
9.O-O a6 10.a4 Nbd7 11.Nd2 Re8 12.h3 Qc7 13.Nc4 Nb6 14.Ne3 Bd7 15.Bd2 Rad8
16.Qb3 Re7 17.a5 Nc8 18.Qc4 Rde8 19.Ra2 Na7 20.b4 Bb5 21.Qh4 h6 22.bxc5 Qxc5
23.Nxb5 Nxb5 24.Rc1 Qa7 25.Ra4 Kh7 26.Bf3 Qb8 27.Kg2 Rc7 28.Ng4 Nxg4 29.hxg4 Rxc1
30.Bxc1 Qd8 31.g5 Kg8 32.gxh6 Qxh4 33.Rxh4 Bc3 34.Ra4 Kh7 35.Bg4 Be5 36.Rc4 Re7
37.e4 Bc3 38.Ra4 Bf6 39.Rc4 Bc3 40.Bc8 Bxa5 41.Bg5 Rc7 42.Rxc7 Bxc7 43.Bxb7 a5
44.Bf6 Kxh6 45.Ba6 Na7 46.Bd4 Bb8 47.f4 a4 48.Bb2 Kh7 49.Kf3 Kg8 50.Ke3 Kf8
51.Kd3 Ke8 52.Kc4 Kd7 53.Kb4 Nc8 54.Bd4 Ne7 55.Bf6 Ng8 56.Bb5+ Kc7 57.Bh4 Ba7
58.Be8 Nh6 59.Bg5 Ng4 60.Bxf7 Bf2 61.Bh4 Nh2 62.e5 Bc5+ 63.Kxa4 dxe5 64.fxe5 Nf3
65.Bf6 Bd4 66.d6+  1-0

[Event "Halle 12th (Women)"]
[Site "Halle"]
[Date "1978.??.??"]
[Round "1"]
[White "Eretova, Kveta"]
[Black "Jicman, Ligia"]
[Result "1-0"]
[WhiteElo "2120"]
[BlackElo "2080"]

1.d4 Nf6 2.c4 e6 3.g3 c5 4.Nf3 cxd4 5.Nxd4 Nc6 6.Bg2 Qc7 7.O-O Nxd4 8.Qxd4 Bc5
9.Qd3 O-O 10.Nc3 a6 11.Na4 Be7 12.Be3 d6 13.Bb6 Qd7 14.b3 d5 15.cxd5 Nxd5
16.Rfd1 Nxb6 17.Nxb6 Qxd3 18.Rxd3 Rb8 19.Rc1 e5 20.Nxc8 Rfxc8 21.Rxc8+ Rxc8
22.Rd7 Kf8 23.Rxb7 a5 24.Bd5 Rd8 25.Bc4 g6 26.Ra7 h5 27.Rxa5 e4 28.Ra7 f5
29.Kg2 Rd6 30.a4 Rb6 31.a5 Rf6 32.Ra8+ Kg7 33.a6  1-0

[Event "Jakarta"]
[Site "Jakarta"]
[Date "1978.??.??"]
[Round "?"]
[White "Quinteros, Miguel A"]
[Black "Mascarinas, Rico"]
[Result "0-1"]
[WhiteElo "2480"]
[BlackElo "2355"]

1.d4 Nf6 2.c4 e6 3.g3 c5 4.Nf3 cxd4 5.Nxd4 d5 6.Bg2 Bb4+ 7.Bd2 Bxd2+ 8.Nxd2 O-O
9.cxd5 Nxd5 10.Nc4 Nb6 11.Na5 Qe7 12.Qd2 e5 13.Nc2 Rd8 14.Qb4 Qc7 15.Qc3 Qxc3+
16.bxc3 Nc6 17.Nxc6 bxc6 18.Nb4 Bb7 19.Bxc6 Bxc6 20.Nxc6 Re8 21.O-O Re6 22.Na5 Rc8
23.Rac1 Kf8 24.Rfd1 Ke7 25.Kf1 Rc5 26.Nb3 Rc7 27.Nd2 Rec6 28.Nb1 f5 29.h4 Ke6
30.Rd8 Nd5 31.Re8+ Ne7 32.Rc2 Rc5 33.Rb2 Kf7 34.Ra8 Nd5 35.Rb3 Ra5 36.a3 Nb6
37.Rh8 h6 38.Rd8 Nd7 39.Rb4 Ke7 40.Rg8 Kf7 41.Ra8 Nb6 42.Rb8 Rd5 43.Kg2 Rdd7
44.e4 fxe4 45.Rxe4 Rc5 46.Rb4 Rcc7 47.h5 Nc4 48.a4 Kf6 49.Rf8+ Kg5 50.g4 Kh4
51.Kf3 a5 52.Rb5 e4+ 53.Ke2 Kxg4 54.f3+ exf3+ 55.Rxf3 Re7+ 56.Kf2 Re5 57.Na3 Rxb5
58.Nxb5 Re7 59.Nd4 Kxh5 60.Rf5+ g5 61.Rc5 Nd2 62.Rxa5 Ne4+ 63.Kg2 Nxc3 64.Ra6 Rf7
65.a5 Nd5 66.Ra8 Ne3+ 67.Kg1 Rf1+ 68.Kh2 Rd1 69.Rd8 Rd2+ 70.Kg1 Kg4 71.a6 Rg2+
72.Kh1 Ra2 73.Re8 Nf5 74.Nxf5 Kxf5 75.Ra8 Kg4 76.Kg1 h5  0-1

[Event "Jakarta"]
[Site "Jakarta"]
[Date "1978.??.??"]
[Round "?"]
[White "Quinteros, Miguel A"]
[Black "Ardiansyah, Haji"]
[Result "1-0"]
[WhiteElo "2480"]
[BlackElo "2330"]

1.d4 Nf6 2.c4 e6 3.g3 c5 4.Nf3 cxd4 5.Nxd4 Qc7 6.Nc3 a6 7.Qd3 Nc6 8.Nxc6 Qxc6
9.Rg1 Bc5 10.Bg2 Qb6 11.e3 O-O 12.Bd2 Rb8 13.Na4 Qd6 14.Nxc5 Qxc5 15.a3 a5
16.b4 Qh5 17.h3 d5 18.g4 Qe5 19.Bc3 Qh2 20.Ke2 dxc4 21.Qd4 Re8 22.g5 e5 23.Qh4 Bg4+
24.f3 Nd5 25.Qxg4 Nxc3+ 26.Kd2 e4 27.f4 axb4 28.axb4 Nd5 29.Rh1 c3+ 30.Kc1 Ra8
31.Rb1 Qxh1+ 32.Bxh1 c2 33.Rb3 Rec8 34.Qxc8+ Rxc8 35.Bxe4 Nc3 36.Bxc2 Kf8
37.Kd2 Nb5 38.Bd3 Nd6 39.Rc3 Ra8 40.Rc7 Ke8 41.e4 Kd8 42.Rc2 g6 43.e5 Nf5
44.Bxf5 gxf5 45.Kd3 Ra1 46.Kc4 Rf1 47.Rd2+ Ke7 48.Rd4 Rh1 49.Kc5 Rxh3 50.Kb6 Re3
51.b5 Re4 52.Rd6 Rxf4 53.Kxb7 Re4 54.b6 Rxe5 55.Kc7 Rb5 56.Rc6 f4 57.b7  1-0

[Event "Lone Pine op"]
[Site "Lone Pine"]
[Date "1978.??.??"]
[Round "6"]
[White "Brasket, Curt J"]
[Black "Loftsson, Julius H"]
[Result "1-0"]
[WhiteElo "2355"]
[BlackElo "2335"]

1.d4 Nf6 2.c4 e6 3.g3 c5 4.Nf3 cxd4 5.Nxd4 d5 6.Bg2 e5 7.Nc2 d4 8.O-O Nc6
9.e3 Bc5 10.b4 Be7 11.b5 Na5 12.exd4 exd4 13.Qxd4 Qxd4 14.Nxd4 Nxc4 15.Re1 Kf8
16.Nd2 Nxd2 17.Bxd2 Bd6 18.Rac1 h6 19.a4 Rb8 20.Ba5 h5 21.Rc2 h4 22.Rec1 Ke7
23.Bc7 Bxc7 24.Rxc7+ Kd6 25.Rxf7 h3 26.Bf3 Bd7 27.Rd1 Kc5 28.Rxd7 Nxd7 29.Ne6+ Kb4
30.Rxd7 Rhe8 31.Rd4+ Ka5 32.Bg4 Rh8 33.Nc5 Rh6 34.Kf1 a6 35.Nb3+ Kb6 36.a5+ Ka7
37.b6+ Ka8 38.Nc5 Rf8 39.Bf3 Rhf6 40.Bxb7+ Kb8 41.Rd7 Rxf2+ 42.Ke1 Rf1+ 43.Ke2 R1f2+
44.Ke3  1-0

[Event "CSR-ch"]
[Site "Marianske Lazne"]
[Date "1978.??.??"]
[Round "8"]
[White "Meduna, Eduard"]
[Black "Plachetka, Jan"]
[Result "1/2-1/2"]
[WhiteElo "2425"]
[BlackElo "2460"]

1.d4 Nf6 2.c4 e6 3.g3 c5 4.Nf3 cxd4 5.Nxd4 Nc6 6.Nc3 Qb6 7.Nb3 Ne5 8.e4 Bb4
9.Qe2 O-O 10.f4 Nc6 11.Be3 Qc7 12.Bg2 d5 13.cxd5 exd5 14.exd5 Ne7 15.O-O Bxc3
16.bxc3 Nexd5 17.Bd4 Re8 18.Qd3 Bg4 19.Rfe1 Rxe1+ 20.Rxe1 Rd8 21.Nd2 h6 22.Ne4 Nxe4
23.Bxe4 Nf6 24.Bg2 Qd7 25.a4 Bh3 26.Bf3 Qxa4 27.Bxb7 Re8 28.Rb1 Ng4 29.Bd5 Qd7
30.c4 Qe7 31.Qd2 a5 32.Bc3 a4 33.Qd4 Qe3+ 34.Qxe3 Nxe3 35.Re1 Bd7  1/2-1/2

[Event "Sao Paulo"]
[Site "Sao Paulo"]
[Date "1978.??.??"]
[Round "3"]
[White "Quinteros, Miguel A"]
[Black "Camara, Helder"]
[Result "1-0"]
[WhiteElo "2480"]
[BlackElo "2325"]

1.d4 Nf6 2.c4 e6 3.g3 c5 4.Nf3 d5 5.cxd5 exd5 6.Bg2 Be7 7.O-O O-O 8.Nc3 Nc6
9.Bg5 Be6 10.Rc1 cxd4 11.Nxd4 Nxd4 12.Qxd4 Qa5 13.Rfd1 Rfd8 14.Be3 b6 15.Qd2 Rac8
16.Bd4 Qa6 17.a3 Qb7 18.Bxf6 Bxf6 19.Nxd5 Bxd5 20.Rxc8 Qxc8 21.Bxd5 Qc5 22.e4 Kf8
23.Rc1 Qd6 24.Rc2 h5 25.Kg2 h4 26.Qe2 g6 27.Qf3 Kg7 28.gxh4 Rh8 29.Rc6 Qe5
30.Qg3 Rxh4 31.Rc7 Rh5 32.Rxf7+ Kh6 33.Qxe5 Bxe5 34.f4 Bxb2 35.Rxa7 Bc1 36.Kg3 g5
37.fxg5+ Rxg5+ 38.Kf3 Rh5 39.Ra6 Rh3+ 40.Kg4 Rxa3 41.Rxb6+ Kg7 42.h4 Be3
43.Rb7+ Kh6 44.Rc7 Ra6 45.e5 Ra7 46.Rc6+ Kg7 47.Kf5 Bf2 48.h5 Be3 49.Rg6+ Kh7
50.Be4 Bd2 51.Rd6 Bb4 52.Rb6 Bc5 53.Rc6 Be3 54.h6 Ra4 55.e6 Ra7 56.Kg4+  1-0

[Event "DSV-Turnier"]
[Site "Berlin-Ost"]
[Date "1979.??.??"]
[Round "?"]
[White "Csom, Istvan"]
[Black "Boensch, Uwe"]
[Result "1-0"]
[WhiteElo "2510"]
[BlackElo "2460"]

1.d4 Nf6 2.c4 e6 3.g3 c5 4.d5 exd5 5.cxd5 g6 6.Bg2 Bg7 7.Nc3 O-O 8.Nf3 d6
9.O-O Na6 10.h3 Rb8 11.e4 Re8 12.Re1 c4 13.e5 dxe5 14.Nxe5 Nb4 15.a3 Rxe5
16.Rxe5 Nd3 17.Re3 Qb6 18.Rxd3 cxd3 19.Qxd3 Bf5 20.Qb5 Qxb5 21.Nxb5 Be4 22.Be3 Rd8
23.Bxa7 Bxg2 24.Kxg2 Rxd5 25.Nc3 Rd2 26.Rd1 Ne4 27.Be3 Rxd1 28.Nxd1 f5 29.Kf3 Kf7
30.Ke2 Ke6 31.Kd3 Kd5 32.Bb6 Bf6 33.b3 Bg7 34.Ne3+ Kc6 35.Nc4 Ng5 36.h4 Ne6
37.Be3 b5 38.Nd2 Kd5 39.Nf3 Bb2 40.a4 bxa4 41.bxa4 Nc5+ 42.Bxc5 Kxc5 43.Ng5 h6
44.Nf7 Bd4 45.Ke2 Kb4 46.Nxh6 Kxa4 47.Ng8 Bc5 48.Nf6  1-0

[Event "HUN-ch"]
[Site "Budapest"]
[Date "1979.??.??"]
[Round "8"]
[White "Csom, Istvan"]
[Black "Schneider, Attila"]
[Result "1-0"]
[WhiteElo "2510"]
[BlackElo "2320"]

1.d4 Nf6 2.c4 e6 3.g3 c5 4.d5 exd5 5.cxd5 b5 6.Bg2 d6 7.Nf3 g6 8.O-O Bg7
9.e4 Bb7 10.a4 b4 11.Nfd2 Nbd7 12.Nc4 Nb6 13.Na5 Ba6 14.Nc6 Qd7 15.Re1 O-O
16.a5 Nc8 17.e5 Ne8 18.e6 fxe6 19.dxe6 Qc7 20.Nxb4 cxb4 21.Bxa8 Ne7 22.Bg2 Qc5
23.Be3 Qe5 24.Qd2 Qxe6 25.Qxb4 Qf6 26.Nc3 Nf5 27.Bxa7 Kh8 28.Rad1 Qf7 29.Bb6 Nf6
30.Ne4  1-0

[Event "Clarin"]
[Site "Buenos Aires"]
[Date "1979.??.??"]
[Round "2"]
[White "Quinteros, Miguel A"]
[Black "Rubinetti, Jorge A"]
[Result "1-0"]
[WhiteElo "2545"]
[BlackElo "2430"]

1.d4 Nf6 2.c4 e6 3.g3 c5 4.Nf3 cxd4 5.Nxd4 d5 6.Bg2 e5 7.Nf3 d4 8.O-O Nc6
9.e3 Bc5 10.exd4 exd4 11.Nbd2 d3 12.Nb3 Be7 13.Be3 O-O 14.Nbd4 Ng4 15.Qxd3 Bc5
16.Rad1 Nxe3 17.fxe3 Bg4 18.Qe4 Bxf3 19.Qxf3 Qg5 20.Qf4 Qxf4 21.gxf4 Rad8
22.Bxc6 bxc6 23.Kg2 g6 24.Nxc6 Rxd1 25.Rxd1 Bxe3 26.Kf3 Bc5 27.Rd5 Bg1 28.c5 Kg7
29.b4 Bxh2 30.Rg5 Rc8 31.b5 a6 32.b6  1-0

[Event "Lone Pine op"]
[Site "Lone Pine"]
[Date "1979.??.??"]
[Round "1"]
[White "Odendahl, Steven M"]
[Black "Kaplan, Julio P"]
[Result "1/2-1/2"]
[WhiteElo "2370"]
[BlackElo "2460"]

1.d4 Nf6 2.c4 e6 3.g3 c5 4.Nf3 b6 5.d5 exd5 6.cxd5 g6 7.Bg2 Bg7 8.O-O O-O
9.Nc3 d6 10.Nd2 Ba6 11.a4 Nbd7 12.Nb5 Bxb5 13.axb5 Ne8 14.Nc4 Ne5 15.Nxe5 Bxe5
16.Bh6 Bg7 17.Bxg7 Kxg7 18.b4 Nc7 19.bxc5 bxc5 20.Ra5 Rb8 21.Qa4 Qe8 22.Rb1 Kg8
23.Bf3 Rb6 24.Rxa7 Nxb5 25.Qf4 Qd8 26.Ra4 Nd4 27.Rxb6 Qxb6 28.Kg2 Re8 29.e3 Nxf3
30.Qxf3 Kg7 31.Rh4 Qd8 32.Ra4 Qe7 33.Ra6 Qe5 34.Rc6 Re7 35.h4  1/2-1/2

[Event "Lone Pine op"]
[Site "Lone Pine"]
[Date "1979.??.??"]
[Round "7"]
[White "Odendahl, Steven M"]
[Black "Barle, Janez"]
[Result "0-1"]
[WhiteElo "2370"]
[BlackElo "2420"]

1.d4 Nf6 2.c4 e6 3.g3 c5 4.d5 exd5 5.cxd5 d6 6.Nc3 g6 7.Bg2 Bg7 8.Nf3 O-O
9.O-O Re8 10.Bf4 Nh5 11.Bg5 Qc7 12.e4 h6 13.Be3 Nd7 14.Nd2 a6 15.f4 f5 16.Bf2 Ndf6
17.e5 dxe5 18.fxe5 Rxe5 19.Nc4 Re8 20.d6 Qd8 21.Bxc5 Be6 22.Bb6 Qb8 23.Na5 Nd7
24.Bf2 Qd8 25.Nxb7 Qg5 26.Nd5 f4 27.Nc7 fxg3 28.hxg3 Nxg3 29.Re1 Ne5 30.Nxe6 Rxe6
31.Qb3 Kh7 32.Qxe6 Ng4 33.Re4 Nxf2 34.Kxf2 Rf8+ 35.Bf3 Nxe4+ 36.Qxe4 Rf4
37.Qe7 Qf5 38.Qe2 Bd4+ 39.Ke1 Rxf3 40.d7 Bxb2 41.Qe7+ Bg7 42.d8=Q Rf1+ 43.Kd2 Qf4+
44.Kd3 Rxa1 45.Qa5 Rd1+ 46.Kc2 Qc1+ 47.Kb3 Qb2+ 48.Kc4 Qd4+ 49.Kb3 Rb1+ 50.Ka3 Qb2+  0-1

[Event "SWE-ch"]
[Site "?"]
[Date "1979.??.??"]
[Round "?"]
[White "Bjork, Carl Magnus"]
[Black "Fridh, Anton"]
[Result "1-0"]
[WhiteElo "2200"]
[BlackElo "2270"]

1.d4 Nf6 2.c4 e6 3.g3 c5 4.Nf3 cxd4 5.Nxd4 Bc5 6.Nb3 Be7 7.Bg2 Qc7 8.N1d2 Nc6
9.Nf3 O-O 10.O-O d5 11.cxd5 Nxd5 12.Bd2 Bf6 13.Qb1 Qe7 14.e4 Nb6 15.Be3 Na4
16.e5 Nxe5 17.Nxe5 Bxe5 18.Qe4 Bxb2 19.Qxa4 Bxa1 20.Rxa1 Rd8 21.Na5 Rb8 22.Qb3 Qd6
23.Bxa7 Ra8 24.Bb6 Rd7 25.Rc1 Qd2 26.Qc4 h6 27.Be4 g6 28.Nb3 Qd6 29.Bc7 Qe7
30.h4 Qf6 31.Qc5 Qb2  1-0

[Event "SWE-ch"]
[Site "?"]
[Date "1979.??.??"]
[Round "?"]
[White "Gruvaeus, Curt"]
[Black "Karlsson, Lars"]
[Result "0-1"]
[WhiteElo "2200"]
[BlackElo "2375"]

1.d4 Nf6 2.c4 e6 3.g3 c5 4.d5 exd5 5.cxd5 d6 6.Nc3 g6 7.Bg2 Bg7 8.Nf3 O-O
9.O-O Re8 10.h3 a6 11.a4 Qc7 12.Nd2 c4 13.e4 Nbd7 14.Qc2 Ne5 15.Nd1 Bd7 16.a5 Bb5
17.Ra3 Rac8 18.Nb1 c3 19.Rxc3 Qd7 20.Nd2 Bd3 21.Qb3 Bxf1 22.Nxf1 Nd3 23.Rxd3 Rxc1
24.Nc3 Ra1 25.Qb4 Qc7 26.f4 Nd7 27.Na4 Qc2 28.Ra3 Rxa3 29.bxa3 f5 30.Nd2 Nc5
31.Nxc5 dxc5 32.Qxb7 Qxd2 33.e5 Bxe5 34.fxe5 Qe1+ 35.Kh2 Qxe5 36.d6 Qxd6
37.Bd5+ Kh8 38.h4 f4 39.h5 fxg3+ 40.Kh3 Qe5 41.hxg6 Qh5+  0-1

[Event "Baku"]
[Site "Baku"]
[Date "1980.??.??"]
[Round "2"]
[White "Mikhalchishin, Adrian"]
[Black "Lechtynsky, Jiri"]
[Result "1-0"]
[WhiteElo "2490"]
[BlackElo "2450"]

1.d4 Nf6 2.c4 e6 3.g3 c5 4.Nf3 cxd4 5.Nxd4 Qc7 6.Nd2 a6 7.Bg2 Nc6 8.N2b3 Ne5
9.Bf4 d6 10.Rc1 Bd7 11.O-O Rd8 12.c5 dxc5 13.Nxc5 Bxc5 14.b4 b6 15.bxc5 bxc5
16.Qc2 Nh5 17.Bxe5 Qxe5 18.Qxc5 Qxc5 19.Rxc5 Nf6 20.Bb7 Ke7 21.Rfc1 Rb8 22.Bxa6 Ra8
23.Bb5 Rxa2 24.Rc7 Rha8 25.Bxd7 Nxd7 26.Rd1 Ke8 27.Nxe6 Nf6 28.Nxg7+ Kf8
29.Nf5 Rxe2 30.h3 Ne4 31.Rdc1 Re8 32.R1c2 Rxc2 33.Rxc2 Rd8 34.Rc6 Kg8 35.Kg2 h5
36.Rc4 Nf6 37.Kf3 Kh7 38.Kf4 Kg6 39.Rc6 Rd2 40.f3 Re2 41.Nh4+ Kg7 42.Nf5+ Kg6
43.Nh4+ Kg7 44.Kg5 Nh7+ 45.Kxh5 Re6 46.Nf5+ Kf6 47.Rxe6+ fxe6 48.Nd6 Nf8
49.Ne4+ Kf5 50.Kh6 e5 51.Nc5 Kf6 52.h4  1-0

[Event "Berlin tt"]
[Site "Berlin-West"]
[Date "1980.??.??"]
[Round "?"]
[White "Rasmussen, Lars Bo"]
[Black "Hoi, Carsten"]
[Result "0-1"]
[WhiteElo "2200"]
[BlackElo "2410"]

1.d4 Nf6 2.c4 e6 3.g3 c5 4.d5 exd5 5.cxd5 d6 6.Nc3 g6 7.Bg2 Bg7 8.Nf3 O-O
9.O-O Na6 10.Nd2 Nc7 11.a4 b6 12.Re1 Re8 13.e4 Ng4 14.Nc4 Bd4 15.Ne3 Qf6
16.Qc2 Bd7 17.h3 Nxe3 18.Bxe3 Na6 19.Rad1 Nb4 20.Qb3 Bxe3 21.Rxe3 a6 22.f4 Rab8
23.Kh2 b5 24.a5 Qg7 25.Bf1 Re7 26.Rde1 Rbe8 27.Nb1 Qd4 28.Rd1 Qg7 29.Rde1 Kh8
30.Nd2 f5 31.Bg2 Qd4 32.R1e2 fxe4 33.Bxe4 Bf5 34.Nf3 Qc4 35.Qxc4 bxc4 36.Ng5 Nxd5
37.Nf7+ Kg7 38.Nxd6 Nxe3 39.Nxe8+ Rxe8  0-1

[Event "Budapest"]
[Site "Budapest"]
[Date "1980.??.??"]
[Round "?"]
[White "Hausner, Ivan"]
[Black "Zsinka, Laszlo"]
[Result "1/2-1/2"]
[WhiteElo "2445"]
[BlackElo "2305"]

1.d4 Nf6 2.c4 e6 3.g3 c5 4.Nf3 cxd4 5.Nxd4 Bb4+ 6.Bd2 Qb6 7.Bxb4 Qxb4+ 8.Nc3 Nc6
9.Bg2 O-O 10.O-O Qxc4 11.Nb3 d5 12.Rc1 Qb4 13.e4 Rd8  1/2-1/2

[Event "Budapest"]
[Site "Budapest"]
[Date "1980.??.??"]
[Round "?"]
[White "Hausner, Ivan"]
[Black "Kristiansen, Jens"]
[Result "1-0"]
[WhiteElo "2445"]
[BlackElo "2430"]

1.d4 Nf6 2.c4 e6 3.g3 c5 4.Nf3 cxd4 5.Nxd4 Nc6 6.Bg2 Bb4+ 7.Nc3 O-O 8.O-O Ne5
9.Qb3 Bc5 10.Rd1 d6 11.Na4 Qe7 12.Qc3 Rd8 13.Nb3 Bb6 14.Nxb6 axb6 15.Be3 Nfd7
16.Nd4 Nc5 17.Nb5 f6 18.Qc2 Ra6 19.b4 Na4 20.Rab1 h5 21.Rb3 h4 22.Bf4 hxg3
23.hxg3 g5 24.Bxe5 dxe5 25.Rxd8+ Qxd8 26.Rd3 Qe7 27.Ra3 Qxb4 28.Qg6+ Kf8
29.Qxf6+ Ke8 30.Nc7+ Kd7 31.Rd3+  1-0

[Event "HUN-ch"]
[Site "Budapest"]
[Date "1980.??.??"]
[Round "?"]
[White "Navarovszky, Laszlo"]
[Black "Schneider, Attila"]
[Result "0-1"]
[WhiteElo "2395"]
[BlackElo "2325"]

1.d4 Nf6 2.c4 e6 3.g3 c5 4.Nf3 cxd4 5.Nxd4 Bb4+ 6.Bd2 Qb6 7.Bg2 Bc5 8.e3 Bxd4
9.exd4 Qxd4 10.O-O Qxc4 11.Na3 Qd3 12.Re1 O-O 13.Bb4 Qxd1 14.Raxd1 d5 15.Bxf8 Kxf8
16.Nb5 Nc6 17.Nd6 Rb8 18.a3 Bd7 19.Nb5 Na5 20.Bf1 Bxb5 21.Bxb5 a6 22.Bd3 Ke7
23.Rc1 Kd6 24.b4 Nb3 25.Rc3 Nd2 26.Kg2 b5 27.Rd1 Nc4 28.Bxc4 Rc8 29.Bxd5 Rxc3
30.Bb7+ Nd5 31.Bxa6 Kc6 32.Bc8 Kc7  0-1

[Event "Malta ol (Men)"]
[Site "La Valetta"]
[Date "1980.??.??"]
[Round "?"]
[White "Csom, Istvan"]
[Black "Wedberg, Tom"]
[Result "1-0"]
[WhiteElo "2510"]
[BlackElo "2425"]

1.d4 Nf6 2.c4 e6 3.g3 c5 4.d5 exd5 5.cxd5 d6 6.Bg2 g6 7.Nc3 Bg7 8.Nf3 O-O
9.O-O Na6 10.h3 Nc7 11.e4 Nd7 12.Bf4 Qe7 13.Re1 f6 14.Rb1 Ne5 15.b4 cxb4
16.Rxb4 Na6 17.Rb1 Nc5 18.Nxe5 fxe5 19.Be3 b6 20.Bf1 Rf7 21.a4 Qf8 22.Qd2 Nb7
23.Kg2 h5 24.Rb2 Kh7 25.Rc1 Bd7 26.Bb5 Bxb5 27.Nxb5 Nc5 28.Bxc5 bxc5 29.Rcb1 Bh6
30.Qe2 Qe7 31.Na3 Raf8 32.Nc4 Rd8 33.Na5 Rdf8 34.Rb7 Qf6 35.Nc4 Kh8 36.Rxf7 Rxf7
37.Rb3 Bf8 38.a5 Qg5 39.Qc2 h4 40.a6 hxg3 41.fxg3 Qh5 42.Qd3 Rh7 43.h4 Rf7
44.Rb7 g5 45.Rxf7 Qxf7 46.Qf3 Qxf3+ 47.Kxf3 gxh4 48.gxh4 Be7 49.Kg4 Kg7 50.Kf5 Kf7
51.h5 Bf8 52.h6 Be7 53.h7 Kg7 54.Ke6 Bf8 55.h8=Q+  1-0

[Event "Malta ol (Men)"]
[Site "La Valetta"]
[Date "1980.??.??"]
[Round "?"]
[White "Petursson, Margeir"]
[Black "Sax, Gyula"]
[Result "1/2-1/2"]
[WhiteElo "2425"]
[BlackElo "2570"]

1.d4 Nf6 2.c4 e6 3.g3 c5 4.Nf3 cxd4 5.Nxd4 d5 6.Bg2 e5 7.Nb3 d4 8.O-O Nc6
9.e3 Bg4 10.Bf3 Bxf3 11.Qxf3 Be7 12.exd4 exd4 13.Bg5 O-O 14.N1d2 Nd7 15.Bxe7 Qxe7
16.Rfe1 Nde5 17.Qe4 Qd7 18.Nc5 Qc7 19.b4 Qb6 20.a3 Rad8 21.Qf5 Rfe8 22.Nce4 d3
23.c5 Qc7 24.Nd6 Re6 25.Qe4 b6 26.f4 bxc5 27.fxe5 Rxe5 28.Qxd3 Rxd6 29.Qc3 Rd8
30.Rxe5 Nxe5 31.Re1 f6 32.Re3 c4 33.h3 Qd7 34.Nf3 Qd1+ 35.Kg2 Kf8 36.g4 Nxf3
37.Rxf3 Qe2+ 38.Kg3 Rd3 39.Rxd3 cxd3 40.Qc8+ Ke7 41.Qc7+ Ke6 42.Qc6+ Ke5
43.Qc5+ Ke6 44.Qc6+ Ke5  1/2-1/2

[Event "Malta ol (Men)"]
[Site "La Valetta"]
[Date "1980.??.??"]
[Round "?"]
[White "Petursson, Margeir"]
[Black "Spassov, Liuben"]
[Result "0-1"]
[WhiteElo "2425"]
[BlackElo "2450"]

1.d4 Nf6 2.c4 e6 3.g3 c5 4.Nf3 cxd4 5.Nxd4 Bb4+ 6.Bd2 Qb6 7.Bxb4 Qxb4+ 8.Nc3 O-O
9.a3 Qxc4 10.Rc1 Nc6 11.Ndb5 Qc5 12.e4 Qe7 13.Bg2 d5 14.O-O dxe4 15.Qd6 Rd8
16.Qxe7 Nxe7 17.Nxe4 Nfd5 18.Nec3 Nxc3 19.Nxc3 Bd7 20.Bxb7 Rab8 21.Ba6 Rxb2
22.Rfd1 Rbb8 23.a4 g6 24.Rd6 Bc6 25.Rxd8+ Rxd8 26.Nb5 Bxb5 27.Bxb5 Rc8 28.Rb1 Nd5
29.Ba6 Rc7 30.Rb8+ Kg7 31.Kg2 Nc3 32.Bb5 g5 33.Kf3 h5 34.h3 f5 35.h4 g4+
36.Ke3 Kf6 37.Rh8 Ke5 38.Rxh5 Nd5+ 39.Ke2 Rc2+ 40.Kf1 Ke4 41.Rh6 Kf3 42.Rxe6 Rxf2+
43.Ke1 Kxg3 44.Bc6 Nb4 45.Re3+ Rf3 46.Rxf3+ gxf3 47.Bb7 Nc2+ 48.Kd2 f2 49.Ba6 Nb4  0-1

[Event "Lone Pine"]
[Site "Lone Pine"]
[Date "1980.??.??"]
[Round "7"]
[White "Petursson, Margeir"]
[Black "Peters, John A"]
[Result "1/2-1/2"]
[WhiteElo "2425"]
[BlackElo "2465"]

1.d4 Nf6 2.c4 e6 3.g3 c5 4.Nf3 cxd4 5.Nxd4 Qc7 6.Nd2 Nc6 7.Nb5 Qb8 8.Bg2 Be7
9.O-O O-O 10.Nc3 d6 11.Nde4 Nxe4 12.Nxe4 Rd8 13.Bf4 b6 14.Qa4 Bd7 15.Rac1 a6
16.c5 Ne5 17.Qd4 bxc5 18.Nxc5 Bc6 19.Bxc6 Nxc6 20.Qe4 e5 21.Nd3 Nd4 22.Rfe1 Bf6
23.Be3 d5 24.Qg4 Ne6 25.b3 Qb7 26.Nc5 Nxc5 27.Rxc5 Be7 28.Rc2 Qb4 29.Qxb4 Bxb4
30.Bd2 a5 31.Rd1 h6 32.e3 Ba3 33.Bc1 Bxc1 34.Rcxc1 a4 35.b4 a3 36.Rc5 Ra4
37.Rcxd5 Rxd5 38.Rxd5 Rxb4 39.Ra5 Rb2 40.Rxa3 g5 41.Kg2 Kg7 42.g4 Kg6 43.Ra8 Rc2
44.a4 Ra2 45.a5 h5 46.gxh5+ Kxh5 47.a6 Kg6 48.Kf3 Kg7 49.e4 Ra4 50.a7 Kf6
51.Kg3 Ra3+ 52.Kg4 Ra4 53.f3 Ra2 54.h3 Rg2+ 55.Kh5 Ra2 56.Kh6 Rh2 57.Kh7 Ra2
58.Kh8 Ra3 59.Rb8 Rxa7 60.Rb6+ Ke7 61.Kg7 Ra1 62.Rb7+ Ke6 63.Rb6+ Ke7 64.Rb7+ Ke6
65.Rxf7 Rh1 66.Rf6+ Ke7 67.Rf5 Ke6 68.Rf6+ Ke7 69.Rh6 Rf1 70.Kg6 Rxf3 71.Kxg5 Rf4
72.Rh4 Rf3 73.Kg4 Rf1 74.Kg3 Rg1+ 75.Kf2 Ra1 76.Rh5 Ke6 77.Rg5 Ra2+ 78.Kg3 Ra3+
79.Kh2 Ra2+ 80.Rg2 Ra4 81.Re2 Kf6 82.Kg3 Kg5 83.Re3 Kh5 84.Kf3 Kh4  1/2-1/2

[Event "URS-ch U26"]
[Site "Riga"]
[Date "1980.??.??"]
[Round "?"]
[White "Zaichik, Gennadi"]
[Black "Kharitonov, Andrei Y"]
[Result "1/2-1/2"]
[WhiteElo "2425"]
[BlackElo "2435"]

1.d4 Nf6 2.c4 e6 3.g3 c5 4.Nf3 cxd4 5.Nxd4 d5 6.Bg2 e5 7.Nf3 d4 8.O-O Nc6
9.e3 Be7 10.exd4 exd4 11.Bf4 O-O 12.Ne5 Nxe5 13.Bxe5 Bc5 14.Nd2 Ng4 15.Nb3 Nxe5
16.Nxc5 Bg4 17.Qd2 Rc8 18.Nxb7 Qf6 19.Na5 Nxc4 20.Nxc4 Rxc4 21.Rac1 Be6 22.Rfe1 Rxc1
23.Rxc1 Rd8 24.Be4 g6 25.b4 d3 26.a4 Qd4 27.Bc6 Bh3 28.a5 a6 29.b5 axb5 30.Bxb5 Rd5
31.Bc6 Re5 32.Bf3 Rb5 33.a6 Rb2 34.Qe3 Qxe3 35.fxe3 Ra2 36.Rd1 Rxa6 37.Rxd3 Be6  1/2-1/2